000 00401nam a22001697a 4500
005 20160630151307.0
008 160630b xxu||||| |||| 00| 0 eng d
020 _a978-81-85719-14
041 _aeng
082 _b19964
100 _aGupta J B
_93167
245 _aElectrical Technology
260 _bS.K. Kataria & Sons
_c2015
300 _a737
650 _aDiploma Engineering
_9817
942 _cBK
999 _c4957
_d4955